00783nam a2200265Ia 4500008004100000020001800041050000800059050001400067100002300081245002900104245002600133260002300159260004600182260000900228300001600237300002800253300001000281440002100291440001400312650002800326700001200354700001100366999001900377952012100396181129s9999 xx 000 0 und d a9789715810675 a220 bM465 1980 aMaxwell, Arthur S. 4aThe book of beginnings / 0cby Arthur S. Maxwell. aWashington, D.C. : bReview and Herald Publishing Association, c1980 a190 pages : bcolored illustrations ; c25cm. aThe bible story, vvolume 1. aBible stories, English. aSeries. aTitle. c360247d360247 001040aSSISMbSSISMcSSISMd2018-11-29l0oREL 220 M465 1980 vol 1pSSISM6041r2018-11-29 00:00:00w2018-11-29yBK